000 01233nam a2200301 a 4500
001
003 DO-SdBNP
005 20221025115950.0
008 100312s2003 dr a 000 0 spa d
040 _aBPMSU
_bspa
_cBPMSU
082 4 _a370.729341
_222
092 _a
_b
_2
100 1 _aLiz, Roberto E.
245 1 0 _aAnálisis económico de la educación en la República Dominicana /
_cRoberto E. Liz, Enrique Ogando B.
260 _aSanto Domingo :
_bUNESCO ;
_bFLACSO,
_c2003.
_b
300 _a82 p. :
_bil. ;
_c28 cm.
490 0 _aCuadernos de educación para todos
650 4 _aEducación
_xAspectos socioeconómicos
_zRepública Dominicana
_vInformes.
650 4 _aSociología de la educación
_zRepública Dominicana
_xInvestigaciones
_v
650 4 _aIndicadores educativos
_zRepública Dominicana
_v Informes.
650 4 _aPolítica educativa
_zRepública Dominicana
_vInformes
700 1 _aOgando B. Enrique
710 2 _a Secretaría de Estado de Educación (República Dominicana)
710 2 _a Organización de las Naciones Unidas para la Educación, la Ciencia y la Cultura
710 2 _a Facultad Latinoamericana de Ciencias Sociales (República Dominicana)
910 _aVMateo V./VM
942 _2ddc
_cBK
999 _c14317
_d14317